Ethics Management of Organisations in the Position of Supporting Enterprise Credibility via Corporate Governance

Reputácia spoločnosti sa vzťahuje na celkové vnímanie spoločnosti na konkrétnom trhu, resp priemyslu. Je dôležitá pre podniky, pretože dobrá povesť môže zvýšiť vernosť a dôveru zákazníkov a prilákať špičkové talenty, či investície. Na druhej strane, zlá povesť môže poškodiť značku spoločnosti a pošk...

Descrizione completa

Salvato in:
Dettagli Bibliografici
Autore principale: Dubcová, Gabriela, 1968-
Natura: Capitolo di libro
Lingua:inglese
Soggetti:
Tags: Aggiungi Tag
Nessun Tag, puoi essere il primo ad aggiungerne!!

MARC

LEADER 00000naa$a2200000$$$4500
001 0306482
005 20250124132118.0
041 0 |a eng 
044 |a CZ 
245 1 0 |a Ethics Management of Organisations in the Position of Supporting Enterprise Credibility via Corporate Governance  |c Gabriela Dubcová 
520 |a Reputácia spoločnosti sa vzťahuje na celkové vnímanie spoločnosti na konkrétnom trhu, resp priemyslu. Je dôležitá pre podniky, pretože dobrá povesť môže zvýšiť vernosť a dôveru zákazníkov a prilákať špičkové talenty, či investície. Na druhej strane, zlá povesť môže poškodiť značku spoločnosti a poškodiť jej konečný výsledok. Reputácia spoločnosti je celkový odhad, v ktorom sa organizácia drží jej internými a externými zainteresovanými stranami na základe svojich minulých činov a dá sa predvídať pravdepodobnosť jej budúceho správania. Hodnotenie špecifických atribútov vplyvov podnikového riadenia na úspech podniku. 
610 2 0 |a úspech pracovný 
610 2 0 |a podnik 
610 2 0 |a goodwill 
610 2 0 |a riadenie 
610 2 0 |a riadenie podnikové 
610 2 0 |a etika 
610 2 0 |a etika podnikateľská 
100 1 |a Dubcová, Gabriela, 1968-